000 00371nam a2200157Ia 4500
008 160316s2009 xxu||||| |||| 00| 0 eng d
082 _a341.552000
_bLAW
100 _a
245 _aLoo chay sit v estate of loo chay loo, deceased (2009) SGCA 47
250 _a
260 _a
_bLawNet
_c2009
300 _a15
_b
_c
365 _b
650 _aCase law
700 _a
_a
999 _c36214
_d36214